| 000 | 00552nam a22001697a 4500 | ||
|---|---|---|---|
| 005 | 20240401091016.0 | ||
| 008 | 240401b ||||| |||| 00| 0 eng d | ||
| 040 |
_aCO-BoUCM _cDavid Moreno _dDavid Moreno |
||
| 041 | _afre | ||
| 100 | 1 |
_aFurtwängler, Wilhelm _d1886-1954 _9180381 |
|
| 245 | 1 | 0 |
_aEntretiens sur la musique _cTraduction de J. G. Prod'-homme et F. G. |
| 260 |
_aParis _bAlbin Michel _c1953 |
||
| 300 | _a159 Paginas | ||
| 650 | 1 | 7 |
_aMusica _919976 |
| 942 |
_2DEWEY _a17 _cLIBRO _e1 _h780 _mF992e _n0 |
||
| 999 |
_c324056 _d324056 |
||